LEADER 01649nam a2200325 a 4500 001 000000012169 003 CaOOAMICUS 005 20140722091424.0 008 940516s1964 it u000 u ita r 035 $a10295216 040 $aPUL(R)$bita 100 1 $aMancini, Italo,$d1925-1993.$0(OLS)http://pul/name/5319 245 10$aLinguaggio e salvezza /$cItalo Mancini. 260 $aMilano :$bVita e pensiero,$c1964. 300 $axiii, 373 p. ;$c24 cm 490 1 $aPubblicazioni della Università cattolica del Sacro Cuore.$aContributi.$aSerie 3, Scienze filosofiche ;$v8 504 $aInclude riferimenti bibliografici e indice. 650 0$aLanguage and languages$xReligious aspects.$2//eng$0(OLS)http://pul/subject/9140 650 0$aDemythologization.$2//eng$0(OLS)http://pul/subject/4830 650 0$aReligion$xPhilosophy.$2//eng$0(OLS)http://pul/subject/4912 710 2 $aUniversità cattolica del Sacro Cuore. Sede di Milano.$0(OLS)http://pul/name/534 830 0$aPubblicazioni della Università cattolica del Sacro Cuore.$pContributi.$nSerie 3,$pScienze filosofiche ;$v8.$0(OLS)http://pul/title/3789 850 $aPUL 852 $aPUL$W1$xDP1 Fondo Giannini$y60$m1555 E 33$j17202$nBK-PRI$b $qFondi$B17202$CPULBib$Z2$F17202 $H $81 852 $aPUL$W1$xDP2 Diritto Canonico 1$y64$m167 D 20.9.8$j160940$qStampati$B160380$CPULBib$Z2$F160380 $H28819 $82 941 1 $a1 941 1 $a8 961 $aINV: Fondo Giannini 996 $6245$aLinguaggio e salvezza$9(OLS)http://pul/title/17623 996 $6260$aMilano :$bVita e pensiero$9(OLS)http://pul/publisher/48016 LEADER 01193nam a2200301 a 4500 001 000000136479 003 CaOOAMICUS 005 20131128121128.0 008 131128s1998 it u000 u ita r 020 $a88-11-58810-3 040 $aPUL$bita 041 1 $aita$hger 100 1 $aKlingemann, August.$0(OLS)http://pul/name/87912 240 10$aNachtwachen von Bonaventura.$lItaliano.$0(OLS)http://pul/title/172696 245 13$aLe veglie di Bonaventura /$cAugust Klingemann ; introduzione e traduzione di Elena Agazzi. 260 $aMilano :$bGarzanti,$c1998. 300 $aXX, 135 p. ;$c18 cm 490 1 $aGrandi libri Garzanti 700 1 $aAgazzi, Elena,$d1961-$0(OLS)http://pul/name/71340 830 2$aI Grandi libri Garzanti.$0(OLS)http://pul/title/166297 850 $aPUL 852 $aPUL$W1$xDP1 Fondo E. Rossi$y115$m2 D 52$j157203$qFondi$B156671$CPULBib$Z2$F156671 $82 941 1 $a1 961 $aSul dorso collocazione ms. di E. Rossi: IV 54 1 996 $6020$a88-11-58810-3$9(OLS)http://pul/number/154028 996 $6245$aLe veglie di Bonaventura$9(OLS)http://pul/title/172698 996 $6260$aMilano :$bGarzanti$9(OLS)http://pul/publisher/49146